| 000 | 02839cam a2200373Ma 4500 | ||
|---|---|---|---|
| 999 |
_c5223 _d5223 |
||
| 003 | OSt | ||
| 005 | 20220405105024.0 | ||
| 008 | 220405b ||||| |||| 00| 0 eng d | ||
| 020 | _a0120277085 | ||
| 040 | _cALUPE UNIVERSITY | ||
| 050 |
_aQR84 _b.M53 1972 |
||
| 245 | 0 | 0 |
_aAdvances in microbial physiology _nVolume 8 / _cedited by A.H. Rose and D.W. Tempest. |
| 260 |
_aNew York, N.Y. : _bAcademic Press, _c1972. |
||
| 300 |
_a1 online resource (ix, 294 pages) : _billustrations. |
||
| 336 |
_atext _btxt _2rdacontent |
||
| 337 |
_acomputer _bc _2rdamedia |
||
| 338 |
_aonline resource _bcr _2rdacarrier |
||
| 490 | 0 |
_aAdvances in microbial physiology ; _v8 |
|
| 504 | _aReferencesChapter 5. Physiology of the Bdellovibrios; I. Introduction; II. Isolation, Cultivation, Distribution, and Taxonomy of Bdellovibrio; III. Structure and Chemical Composition of Bdellovibrio; IV. Symbiosis Between Host-Dependent Bdellovibrios and Host Cells; V. Metabolism of Bdellovibrio; VI. Host-Independent Derivatives of Bdellovibrio; VII. Bdellovibrio Bacteriophages; VIII. Acknowledgements; References; Author Index; Subject Index | ||
| 505 | 0 | _aFront Cover; Advances in Microbial Physiology, Volume 8; Copyright Page; Contents; Contributors to Volume 8; Chapter 1. Comparative Aspects of Bacterial Lipids; I. Introduction; II. Lipids of Bacteria Compared with Those of Higher Organisms; III. Biosynthesis of Bacterial Lipids; IV. Bacterial Lipid Compositions; V. Acknowledgements; References; Chapter 2. The Pathways of Nitrogen Fixation; I. Introduction; II. Electron Donors; III. Electron Carriers; IV. Nitrogenase; V. Conclusions and Future Outlook; VI. Acknowledgements; References | |
| 505 | 8 | _aChapter 3. Rapid Detection and Assessment of Sparse Microbial PopulationsI. Introduction; II. Principles of Rapid Microbial Assessment Methods; III. Rapid Broad Spectrum Methods; IV. Rapid Specific Identification Methods; V. Rapid Determination of Microbial Viability; VI. Rapid Detection and Determination of Viruses; VlI. Conclusions and Prospects; VIII. Acknowledgements; References; Chapter 4. Bacterial Exopolysaccharides; I. Introduction; II. Production; III. Properties; IV. Biosynthesis; V. Function of Exopolysaccharides; VI. Unanswered Questions; VII. Conclusions; VIII. Acknowledgements | |
| 520 | _aADV IN MICROBIAL PHYSIOLOGY VOL 8 APL. | ||
| 546 | _aEnglish. | ||
| 588 | 0 | _aPrint version record. | |
| 650 | 0 |
_aMicroorganisms _xPhysiology. |
|
| 650 | 0 | _aMicrobiology. | |
| 650 | 7 |
_aMicrobiology. _2fast _0(OCoLC)fst01019576 |
|
| 650 | 7 |
_aMicroorganisms _xPhysiology. _2fast _0(OCoLC)fst01019963 |
|
| 655 | 4 | _aElectronic books. | |
| 700 | 1 | _aRose, A. H. | |
| 700 | 1 | _aTempest, D. W. | |
| 776 | 1 | 8 |
_iPrint version: _tAdvances in microbial physiology. _dNew York, N.Y. : Academic Press, 1972 _w(DLC) 67019850 |
| 942 |
_2lcc _cBK _nBA |
||